000 00633nam a2200157 a 4500
001 000027033
005 20200930030547.0
008 110329s1956 dr 000 0 spa d
040 _aDO-SdBNP
_bspa
_cBNPHU
082 _axxx
110 1 _aRepública Dominicana
_bSecretaría de Estado de Finanzas
_bDirección General de Aduanas
_936867
240 1 0 _a[Leyes, etc.]
245 1 0 _aLeyes y decretos que crean y regulan el funcionamientos de las Zonas Francas en la República Dominicana.
260 _aCiudad Trujillo, República Dominicana :
_bSecretaría de Estado de Finanzas :
_bEditora del Caribe,
_c1956.
300 _a38 p. ;
_c23 cm.
999 _c26525
_d26525